000
00282nam a2200109Ia 4500
008
200302s9999 xx 000 0 und d
100
_a
Marc Wortman
245
_a
Public Transportation Leading the Way
260
_b
Visual Reference Publications Inc.,
260
_c
2008
300
_a
205
999
_c
5275
_d
5275